| 000 | 01353nab a22002297a 4500 | ||
|---|---|---|---|
| 999 |
_c5909 _d5909 |
||
| 003 | OSt | ||
| 005 | 20260110015839.0 | ||
| 008 | 190605e xxu||||| |||| 00| 0 spa d | ||
| 040 | _cPJ | ||
| 100 |
_95248 _aLezcano, Juan Manuel |
||
| 245 | 1 | 0 |
_aMultinacionalidad, multiculturalimo y zonas de frontera. Desafíos del derecho internacional del trabajo / _cJuan Manuel Lezcano. |
| 260 |
_aCiudad Autónoma de Buenos Aires : _bThomson Reuters La Ley, _c2023. |
||
| 300 | _ap. 51-56 | ||
| 500 | _aCita: TR LALEY AR/DOC/2535/2023. | ||
| 505 | _aSumario: I. Introducción.— II. El derecho laboral internacional.— III. Caso de multinacionalidad: "Espinosa, Gustavo Carlos c/ Marítima Maruba SA (antes Maruba SCA) y otros s/ despido" (segunda instancia).— IV. Migración, multiculturalimos y zona de frontera.— V. Análisis normativo.— VI. Análisis del art. 3° de la LCT.— VII. Conclusiones.— VIII. Bibliografía. | ||
| 505 | _t¿Te interesa el texto completo? Solicitalo al correo: koha@justierradelfuego.gov.ar | ||
| 650 | 0 |
_91316 _aDERECHO LABORAL |
|
| 650 | 0 |
_91354 _aCONVENIOS COLECTIVOS DE TRABAJO |
|
| 650 | 0 |
_94925 _aORGANIZACION INTERNACIONAL DEL TRABAJO |
|
| 773 | 0 |
_02711 _93168 _dCiudad Autónoma de Buenos Aires : Thomson Reuters La Ley, 1999-2002. _tRevista de derecho del trabajo. Nº 6 - Noviembre 2023 |
|
| 942 |
_2udc _cANA |
||